Miejsca które są najbliżej bieguna pół. - Statystyki

Ogólne statystyki
  • Ten quiz został rozwiązany 8 razy
  • Średni wynik to 4 z 10
Statystyki odpowiedzi
Km do Bieguna Pół. Nazwa Miejsca % Poprawnych
Około 1200 Longyearbyen
100%
Około 1300 Barrow
75%
Około 2 700 Norylsk
75%
Około 800 Alert
50%
Około 1200 Ny-Alesund
50%
Około 2 500 Murmansk
25%
Około 2 400 Tromso
25%
Około 1 900 Hammerfest
0%
Około 1 500 Qaanaad
0%
Około 2 300 Tiksi
0%
Nie znaleziono quizów pasujących do podanych kryteriów
Rozkład punktacji
Procent ludzi z każdym wynikiem
Percentyl według liczby udzielonych odpowiedzi
Twoja historia wyników
Nie rozwiązałeś tego quizu